| 000 | 00708nam a2200193 a 4500 | ||
|---|---|---|---|
| 001 | 000022119 | ||
| 005 | 20200930011606.0 | ||
| 008 | 100917s2001 dr 000 0 spa d | ||
| 040 |
_aDO-SdBNP _bspa _cBNPHU |
||
| 082 |
_axxx _bB324m |
||
| 100 | 1 |
_aBastardo, Deysi _945823 |
|
| 245 | 1 | 0 |
_aManual de prevención de drogas para líderes comunitarios / _cDeysi Bastardo, María del Carmen Genao. |
| 260 |
_aSanto Domingo : _bSecretaría de Estado de Salud Pública y Asistencia Social, _c2001. |
||
| 300 |
_a116 p. ; _c24 cm. |
||
| 500 | _aIncluye datos biográficos de los autores en la contracubierta | ||
| 504 | _aBibliografías : p. 115-116 | ||
| 700 | 1 |
_aCarmen Genao, María, del _945824 |
|
| 049 | _aBNPD | ||
| 999 |
_c21617 _d21617 |
||